MARC

LEADER 00000nam0a2200000 4500
001 166630
005 20231031162535.0
020 |a RU  |b 83-15620ж 
035 |a (RuTPU)RU\TPU\book\180743 
090 |a 166630 
100 |a 20091005d1989 k y0rusy5003 ca 
101 0 |a rus 
102 |a RU 
105 |a a z 001zy 
200 1 |a Системы автоматизированного проектирования в электротехнической промышленности  |e [сборник научных трудов]  |f Всесоюзный научно-исследовательский институт электромеханики (ВНИИЭМ) ; отв. ред. Н. Н. Шереметьевский 
210 |a Москва  |c Изд-во ВНИИЭМ  |d 1989 
215 |a 143 с.  |c ил. 
225 1 |a Труды Всесоюзного научно-исследовательского института электромеханики (ВНИИЭМ)  |v Т. 90 
320 |a Библиогр. в конце ст. 
610 1 |a электротехническая промышленность 
610 1 |a системы автоматизированного проектирования 
610 1 |a математическое моделирование 
610 1 |a проектно-конструкторские работы 
610 1 |a автоматизация 
610 1 |a испытания 
610 1 |a САПР 
610 1 |a проектирование 
610 1 |a двигатели 
675 |a 621.31.002:658.5  |v 3 
702 1 |a Шереметьевский  |b Н. Н.  |4 340 
712 0 2 |a Всесоюзный научно-исследовательский институт электромеханики (ВНИИЭМ)  |c (Москва)  |2 stltpush  |3 (RuTPU)RU\TPU\col\11816 
801 0 |a RU  |b RuMRKP  |c 19950704  |g psbo 
801 1 |a RU  |b 63413507  |c 20091005 
801 2 |a RU  |b 63413507  |c 20110628  |g RCR 
942 |c BK